书目信息 |
| 题名: |
实用英语文化背景知识手册
|
|
| 作者: | 赵天红 , 马海波 主编 | |
| 分册: | ||
| 出版信息: | 合肥 合肥工业大学出版社 2010.11 |
|
| 页数: | 506页 | |
| 开本: | 21cm | |
| 丛书名: | ||
| 单 册: | ||
| 中图分类: | H31 | |
| 科图分类: | ||
| 主题词: | 英语--ying yu--自学参考资料 | |
| 电子资源: | ||
| ISBN: | 978-7-5650-0214-4 | |
| 000 | 01157nam0 2200265 450 | |
| 001 | 012011185889 | |
| 005 | 20110427145300.57 | |
| 010 | @a978-7-5650-0214-4@dCNY29.00 | |
| 100 | @a20110427d2010 em y0chiy0120 ea | |
| 101 | 0 | @achi@aeng |
| 102 | @aCN@b340000 | |
| 105 | @ay z 000yy | |
| 106 | @ar | |
| 200 | 1 | @a实用英语文化背景知识手册@Ashi yong ying yu wen hua bei jing zhi shi shou ce@d= A handbook on the background knowledge of English culture@f赵天红, 马海波主编@Fzhao tian hong,ma hai bo zhu bian@zeng |
| 210 | @a合肥@c合肥工业大学出版社@d2010.11 | |
| 215 | @a506页@d21cm | |
| 330 | @a本书以条目的形式,对常见的英语单词、短语和句子所蕴含的文化背景知识一一作了简明易懂的介绍,它既可以为读者起到释疑、解惑的作用,又能大大减少读者溯源时“不知从何查找,甚至查也查不到”的烦恼。 | |
| 510 | 1 | @aHandbook on the background knowledge of English culture@zeng |
| 517 | 1 | @a英语文化背景知识手册@Aying yu wen hua bei jing zhi shi shou ce |
| 606 | 0 | @a英语@Aying yu@j自学参考资料 |
| 690 | @aH31@v4 | |
| 701 | 0 | @a赵天红@Azhao tian hong@4主编 |
| 701 | 0 | @a马海波@Ama hai bo@4主编 |
| 801 | 0 | @aCN@bQSSK@c20110427 |
| 905 | @b793007-09@dH31@eZ322@f3 | |
| 实用英语文化背景知识手册= A handbook on the background knowledge of English culture/赵天红, 马海波主编.-合肥:合肥工业大学出版社,2010.11 |
| 506页;21cm |
| ISBN 978-7-5650-0214-4:CNY29.00 |
| 本书以条目的形式,对常见的英语单词、短语和句子所蕴含的文化背景知识一一作了简明易懂的介绍,它既可以为读者起到释疑、解惑的作用,又能大大减少读者溯源时“不知从何查找,甚至查也查不到”的烦恼。 |
| ● |
| 相关链接 |
|
|
|
正题名:实用英语文化背景知识手册
索取号:H31/Z322
 
预约/预借
| 序号 | 登录号 | 条形码 | 馆藏地/架位号 | 状态 | 备注 |
| 1 | 793007 | 207930079 | 语言库209/209语言库 91排1列3层/ [索取号:H31/Z322] | 在馆 | |
| 2 | 793008 | 207930088 | 语言库209/209语言库 91排1列3层/ [索取号:H31/Z322] | 在馆 | |
| 3 | 793009 | 207930097 | 语言库209/209语言库 91排1列3层/ [索取号:H31/Z322] | 在馆 |